书目信息 |
| 题名: |
乔布斯全传
|
|
| 作者: | 张乐 编著 | |
| 分册: | ||
| 出版信息: | 沈阳 辽海出版社 2019 |
|
| 页数: | 214页 | |
| 开本: | 22cm | |
| 丛书名: | ||
| 单 册: | ||
| 中图分类: | K837.125.38 | |
| 科图分类: | ||
| 主题词: | ||
| 电子资源: | ||
| ISBN: | 978-7-5451-5247-0 | |
| 000 | 00870nam0 2200241 450 | |
| 001 | 012001006954 | |
| 005 | 20130301101933.0 | |
| 010 | @a978-7-5451-5247-0@dCNY68.00 | |
| 100 | @a20190628d2019 em y0chiy50 ea | |
| 101 | 0 | @achi |
| 102 | @aCN@b210000 | |
| 105 | @ay z 000yb | |
| 106 | @ar | |
| 200 | 1 | @a乔布斯全传@9qiao bu si quan zhuan@b专著@dSteve Jobs@f张乐编著@zeng |
| 210 | @a沈阳@c辽海出版社@d2019 | |
| 215 | @a214页@d22cm | |
| 330 | @a本书分为命运捉弄与补偿、苹果双雄初会、何处安放躁动之心、创立苹果公司、苹果二代风暴、苹果一鸣惊人、惨遭苹果遗弃、苹果真神归位、植入乔布斯DNA、iPad平板狂潮、重回上帝怀抱、乔布斯的遗产。 | |
| 510 | 1 | @aSteve Jobs@zeng |
| 600 | 0 | @a乔布斯@c(Jobs, Steve Paul@f1955-2011)@x传记 |
| 690 | @aK837.125.38@v5 | |
| 701 | 0 | @a张乐@9zhang le@4编著 |
| 801 | 2 | @aCN@b上海新华@c20191020 |
| 905 | @b1132579-82@dK837.125.38@e1038@f4 | |
| 乔布斯全传=Steve Jobs/张乐编著.-沈阳:辽海出版社,2019 |
| 214页;22cm |
| ISBN 978-7-5451-5247-0:CNY68.00 |
| 本书分为命运捉弄与补偿、苹果双雄初会、何处安放躁动之心、创立苹果公司、苹果二代风暴、苹果一鸣惊人、惨遭苹果遗弃、苹果真神归位、植入乔布斯DNA、iPad平板狂潮、重回上帝怀抱、乔布斯的遗产。 |
| ● |
| 相关链接 |
|
|
|
|
正题名:乔布斯全传
索取号:K837.125.38/1038
 
预约/预借
| 序号 | 登录号 | 条形码 | 馆藏地/架位号 | 状态 | 备注 |
| 1 | 1132579 | 211325797 | 第二样本阅览室/ [索取号:K837.125.38/1038] | 在馆 | |
| 2 | 1132580 | 211325804 | 第二借阅区/ [索取号:K837.125.38/1038] | 在馆 | |
| 3 | 1132581 | 211325813 | 第二借阅区/ [索取号:K837.125.38/1038] | 在馆 | |
| 4 | 1132582 | 211325822 | 第二借阅区/ [索取号:K837.125.38/1038] | 在馆 |